| 000 | 00764nam a22002297a 4500 | ||
|---|---|---|---|
| 999 |
_c15895 _d15895 |
||
| 003 | AR-CdUCM | ||
| 008 | 190430b ||||| |||| 00| 0 spa d | ||
| 040 |
_aMUNICIPALIDAD PROVINCIAL DEL CUSCO _cBIBLIOTECA MUNICIPAL DEL CUSCO |
||
| 082 |
_aEP / 398 / _bN28 |
||
| 245 |
_aEnentaimratin : _bLengua Wampis / |
||
| 260 |
_aCondorcanqui : _bEBRA, _c2007. |
||
| 300 |
_a27 páginas ; _bilustraciones, _c21 cm. |
||
| 440 |
_aEnentaimratin. _n1 _935105 |
||
| 500 | _aTexto en Lengua Amazónica. | ||
| 650 |
_aLengua Wampis _934799 |
||
| 650 |
_aLiteratura _983 |
||
| 650 |
_aAprendizaje _92143 |
||
| 700 |
_aPetsain Sharup, Gerardo (ilustraciones) _935106 |
||
| 700 |
_aNavarro Rojas, Ricardo (compilación) _935107 |
||
| 942 |
_2ddc _cLIBROS |
||
| 945 |
_aachl _d2019-04-30 |
||